Normal view
MARC view
Entry Personal Name
001 - CONTROL NUMBER
- control field: 47679
003 - CONTROL NUMBER IDENTIFIER
- control field: OSt
005 - DATE AND TIME OF LATEST TRANSACTION
- control field: 20160320120438.0
008 - FIXED-LENGTH DATA ELEMENTS
- fixed length control field: 160320|| aca||aabn | a|a d
040 ## - CATALOGING SOURCE
- Original cataloging agency: OSt
- Transcribing agency: OSt
100 ## - HEADING--PERSONAL NAME
- Personal name: विष्णु प्रिया सिंह
670 ## - SOURCE DATA FOUND
- Source citation: Work cat.: (OSt): विष्णु प्रिया सिंह , विन्डोज 98 वर्क बुक









